000 01359nam0a22003011 4500
001 rc\3286676
005 20260407105753.0
021 _aRU
_b72-38170
021 _aRU
_bРг11556-72
035 _a(NLR Aleph) 007400987
090 _a6712197
_c6712197
100 _a20130115d1972 |||y0rusy50 ca
101 0 _arus
102 _aRU
105 _ay z |||||
200 1 _aУскорение создания новой техники - важный фактор интенсификации производства)
_e(Метод. рекомендации в помощь лектору и пропагандисту)
_fИн-т экономики пром-сти АН УССР. Донецкая обл. организация о-ва "Знание" УССР
210 _aДонецк
_cБ. и.
_d1972
215 _a30 с.
_d20
300 _aВ вып. дан. авт.: канд. экон. наук С.С. Чубенко и экономист С.Б. Палей
320 _aБиблиогр.: с. 29-30
701 1 _aПалей
_bС.Б.
701 1 _aЧубенко
_bС.С.
_gСтепан Степанович
712 0 2 _aИнститут экономики промышленности
_cДонецк
_3RU\NLR\AUTH\889937507
_9369841
801 0 _aRU
_bNLR
_gpsbo
801 1 _aRU
_bELAR
_2rusmarc
852 _aNLR
_j72-4/20649
942 _cBOOK
980 _aNB